000 00259nam a2200109Ia 4500
008 200302s9999 xx 000 0 und d
100 _aDiana Constance
245 _aPainting School Pastels
260 _bBrockhampton Press
260 _c1994
300 _a119 P.,
999 _c1339
_d1339